000 00485nam a2200181Ia 4500
005 20250326130023.0
008 250326s9999 xx 000 0 und d
037 _aTextbook
040 _aFMSL
_beng
_cFMSL
041 _aeng
_2eng
084 _aX.44 N9
_qFMSL
100 _aKuchhal S G
_9740036
245 0 _aIndustrial economy of India
_cKuchhal S G
260 _aDelhi
_bDelhi, Chaitanya
_c1969
300 _a636p
942 _cTB
_hX.44 N9
999 _c1280591
_d1280591